MARC

LEADER 00000nam0a2200000 4500
001 183972
005 20231101223816.0
035 |a (RuTPU)RU\TPU\book\199446 
035 |a RU\TPU\book\82674 
090 |a 183972 
100 |a 20050512d1965 k y0rusy50 ca 
101 0 |a rus 
102 |a RU 
105 |a a z 001zy 
200 1 |a Полярографические методы  |f Б. С. Брук 
210 |a Москва  |c Энергия  |d 1965 
215 |a 112 с.  |c ил. 
225 1 |a Физические и физико-химические методы контроля состава и свойств вещества 
320 |a Библиогр.: с. 108-112. 
606 1 |a Полярографический анализ  |2 stltpush  |3 (RuTPU)RU\TPU\subj\50820  |9 69454 
610 1 |a химия 
610 1 |a полярографические методы 
610 1 |a постоянный ток 
610 1 |a переменный ток 
610 1 |a высокочастотная полярография 
610 1 |a импульсная полярография 
610 1 |a полярографический анализ 
610 1 |a осциллографическая полярография 
675 |a 543.552  |v 3 
700 1 |a Брук  |b Б. С.  |g Бронислав Соломонович 
801 1 |a RU  |b 63413507  |c 20100825 
801 2 |a RU  |b 63413507  |c 20150202  |g RCR 
942 |c BK